00333nam a2200145Ia 45000030006000000080041000060400015000471000016000622450025000782500006001032600041001093000006001505460014001560050017001700STCL150530s9999 xx 000 0 und d aSTCLcSTCL aManoj, M.D. aRaveendra Sangeetham a2 bOlive Publications ; Kozhikodec2010 a0 aMalayalam20220125171335.0